La Odisea

Tallennettuna:
Bibliografiset tiedot
Päätekijä: Homero (autor)
Aineistotyyppi: Kirja
Kieli:espanja
Julkaistu: Ciudad de México Porrua 1981
Painos:21a. ed
Sarja:Sepan cuantos, 4
Aiheet:
Tagit: Lisää tagi
Ei tageja, Lisää ensimmäinen tagi!

MARC

LEADER 00000nam a2200000 a 4500
001 UCV8227
003 CL-VaPUC
008 901122e19810000MX |||||||||||||||||spa|d
082 0 4 |a 883  |b HOM  |2 21 
100 |a Homero   |e autor  |9 265577 
245 1 3 |a La Odisea 
250 |a 21a. ed 
300 |a 254 p 
942 |c BK 
945 |d 19901122 00:00:00 
260 |a Ciudad de México  |b Porrua  |c 1981 
650 7 |a POESIA EPICA GRIEGA  |2 CL-VaPUC  |9 265215 
583 |a last modification  |c 19901122 00:00:00  |k Rodrigo Vera 
490 0 |a Sepan cuantos, 4 
999 |c 213774  |d 213772 
952 |0 0  |1 0  |4 0  |6 883_000000000000000_HOM_1981  |7 0  |8 A  |9 196488  |a BIBEDU  |b BIBEDU  |d 2019-11-14  |i 2643790  |o 883 HOM 1981  |p 2643790  |r 2019-11-14  |w 2019-11-14  |y BK  |k LIT 
952 |0 0  |1 0  |2 ddc  |4 0  |6 883_000000000000000_HOM_1981  |7 0  |8 P  |9 196489  |a BIBARQ  |b BIBARQ  |d 2019-11-14  |i 2643804  |o 883 HOM 1981  |p 2643804  |r 2025-01-20  |w 2019-11-14  |y BK  |k ARQ 
952 |0 0  |1 0  |4 0  |6 883_000000000000000_HOM_1981  |7 0  |8 A  |9 196490  |a BIBEDU  |b BIBEDU  |d 2019-11-14  |i 2643812  |o 883 HOM 1981  |p 2643812  |r 2019-11-14  |w 2019-11-14  |y BK  |k LIT 
952 |0 0  |1 0  |4 0  |6 883_000000000000000_HOM_1981  |7 0  |8 A  |9 196491  |a BIBEDU  |b BIBEDU  |d 2019-11-14  |i 2643820  |o 883 HOM 1981  |p 2643820  |r 2019-11-14  |w 2019-11-14  |y BK  |k LIT 
952 |0 0  |1 0  |4 0  |6 883_000000000000000_HOM_1981  |7 0  |8 A  |9 196492  |a BIBEDU  |b BIBEDU  |d 2019-11-14  |i 2643847  |o 883 HOM 1981  |p 2643847  |r 2019-11-14  |w 2019-11-14  |y BK  |k LIT 
952 |0 0  |1 0  |4 0  |6 883_000000000000000_HOM_1981  |7 0  |8 A  |9 196493  |a BIBEDU  |b BIBEDU  |d 2019-11-14  |i 2643855  |l 2  |o 883 HOM 1981  |p 2643855  |r 2024-05-03  |s 2024-04-29  |w 2019-11-14  |y BK  |k LIT 
952 |0 0  |1 0  |4 0  |6 883_000000000000000_HOM_1981  |7 0  |8 A  |9 196494  |a BIBEDU  |b BIBEDU  |d 2019-11-14  |i 2912686  |o 883 HOM 1981  |p 2912686  |r 2019-11-14  |w 2019-11-14  |y BK  |k LIT